Loading...
| Modern World | 3 | 1 | 0 | 0 | 55 | 57 | 74.50 | 0 | 3 | 37.73 | 68.64 |
| History - American | 0 | 3 | 1 | 0 | 25 | 125 | 133.00 | 0 | 1 | 1.91 | 9.82 |
| Social Science | 0 | 2 | 0 | 1 | 20 | 111 | 121.00 | 0 | 1 | 1.38 | 11.79 |
| Science - Biology | 0 | 2 | 0 | 0 | 20 | 130 | 132.50 | 0 | 0 | 0.29 | 5.60 |
| Science - Chemistry | 0 | 2 | 0 | 2 | 20 | 137 | 142.50 | 0 | 0 | 0.21 | 2.51 |
| History - Other | 1 | 1 | 2 | 0 | 15 | 75 | 103.00 | 0 | 0 | 4.73 | 9.49 |
| History - World | 1 | 0 | 1 | 0 | 10 | 66 | 66.00 | 1 | 1 | 4.17 | 7.69 |
| Literature - World | 0 | 1 | 0 | 0 | 10 | 135 | 135.00 | 0 | 0 | 0.63 | 2.75 |
| Fine Arts - Painting and Sculpture | 0 | 1 | 0 | 0 | 10 | 133 | 133.00 | 1 | 1 | 1.05 | 7.69 |
| Mythology | 0 | 1 | 0 | 0 | 10 | 142 | 142.00 | 0 | 0 | 1.69 | 9.52 |
| Other Culture | 0 | 1 | 0 | 0 | 10 | 116 | 116.00 | 0 | 0 | 5.79 | 1.92 |
| Religion | 0 | 1 | 0 | 0 | 10 | 144 | 144.00 | 0 | 0 | 0.73 | 1.78 |
| Science - Physics | 0 | 1 | 0 | 0 | 10 | 134 | 134.00 | 0 | 0 | 0.57 | 2.80 |
| Fine Arts - Other Arts | 0 | 1 | 0 | 1 | 10 | 166 | 166.00 | 0 | 0 | 0.05 | 0.64 |
| Geography | 0 | 1 | 0 | 0 | 10 | 96 | 96.00 | 0 | 0 | 9.62 | 15.38 |
| History - European | 0 | 1 | 3 | 0 | -5 | 157 | 157.00 | 0 | 0 | 0.33 | 3.85 |